MARC

LEADER 00000nam0a2200000 4500
001 70030
005 20231031080938.0
035 |a (RuTPU)RU\TPU\book\74570 
090 |a 70030 
100 |a 20041110d1953 km y0rusy50 ca 
101 0 |a rus 
102 |a RU 
105 |a a z 000zy 
200 1 |a Пылеприготовление  |f В. П. Ромадин 
210 |a Москва  |a Ленинград  |c Госэнергоиздат  |d 1953 
215 |a 519 с.  |c ил. 
320 |a Библиография в конце глав. 
610 1 |a пылеприготовление 
610 1 |a сырое топливо 
610 1 |a подготовка 
610 1 |a пыль 
610 1 |a свойства 
610 1 |a характеристики 
610 1 |a уголь 
610 1 |a измельчение 
610 1 |a топливо 
610 1 |a сушка 
610 1 |a пневмотранспорт 
610 1 |a пылеразделители 
610 1 |a пылеотделители 
610 1 |a конструкции 
610 1 |a работа 
610 1 |a шаровые барабанные мельницы 
610 1 |a быстроходные ударные мельницы 
610 1 |a среднеходные мельницы 
610 1 |a пневматические мельницы 
610 1 |a схемы 
675 |a 621.184.8  |v 3 
700 1 |a Ромадин  |b В. П. 
801 1 |a RU  |b 63413507  |c 20041110  |g PSBO 
801 2 |a RU  |b 63413507  |c 20201124  |g PSBO 
942 |c BK